Winter, spring, summer, fall / (Record no. 3821)

MARC details
000 -LEADER
fixed length control field 01196cam a22003737a 4500
001 - CONTROL NUMBER
control field 3821
003 - CONTROL NUMBER IDENTIFIER
control field FISKH
005 - DATE AND TIME OF LATEST TRANSACTION
control field 20240515114947.0
008 - FIXED-LENGTH DATA ELEMENTS--GENERAL INFORMATION
fixed length control field 130409s2010 ilua j 000 1 eng d
010 ## - LIBRARY OF CONGRESS CONTROL NUMBER
LC control number 2013370063
020 ## - INTERNATIONAL STANDARD BOOK NUMBER
International Standard Book Number 9781588655783
020 ## - INTERNATIONAL STANDARD BOOK NUMBER
International Standard Book Number 1588655784
035 ## - SYSTEM CONTROL NUMBER
System control number (OCoLC)ocn657850585
040 ## - CATALOGING SOURCE
Original cataloging agency HHO
Transcribing agency HHO
Modifying agency HHO
-- IHY
-- DLC
Language of cataloging eng
042 ## - AUTHENTICATION CODE
Authentication code lccopycat
050 00 - LIBRARY OF CONGRESS CALL NUMBER
Classification number PZ7.M61865
Item number Wi 2010
082 ## - DEWEY DECIMAL CLASSIFICATION NUMBER
Classification number 508.2
100 1# - MAIN ENTRY--PERSONAL NAME
Personal name Miller, Jonathan
Titles and words associated with a name (Illustrator)
245 10 - TITLE STATEMENT
Title Winter, spring, summer, fall /
Statement of responsibility, etc. [illustrated by Jonathan Miller].
260 ## - PUBLICATION, DISTRIBUTION, ETC.
Place of publication, distribution, etc. Chicago :
Name of publisher, distributor, etc. Kidsbooks,
Date of publication, distribution, etc. 2013.
300 ## - PHYSICAL DESCRIPTION
Extent 16 unnumbered pages ;
Other physical details color illustrations ;
Dimensions 30 cm
490 0# - SERIES STATEMENT
Series statement Search & find
500 ## - GENERAL NOTE
General note Cover title.
500 ## - GENERAL NOTE
General note On board pages.
520 ## - SUMMARY, ETC.
Summary, etc. Learn words for various things at the playground, at a party, downtown, on a shopping trip, at school, in the country and at home.
650 #0 - SUBJECT ADDED ENTRY--TOPICAL TERM
Topical term or geographic name entry element Vocabulary
Form subdivision Juvenile fiction.
650 #0 - SUBJECT ADDED ENTRY--TOPICAL TERM
Topical term or geographic name entry element Picture puzzles
Form subdivision Juvenile fiction.
650 #0 - SUBJECT ADDED ENTRY--TOPICAL TERM
Topical term or geographic name entry element Board books.
650 #1 - SUBJECT ADDED ENTRY--TOPICAL TERM
Topical term or geographic name entry element Vocabulary.
650 #1 - SUBJECT ADDED ENTRY--TOPICAL TERM
Topical term or geographic name entry element Picture puzzles.
906 ## - LOCAL DATA ELEMENT F, LDF (RLIN)
a 7
b cbc
c copycat
d 2
e ncip
f 20
g y-gencatlg
942 ## - ADDED ENTRY ELEMENTS (KOHA)
Source of classification or shelving scheme Dewey Decimal Classification
Koha item type Books
Suppress in OPAC No
Holdings
Withdrawn status Lost status Source of classification or shelving scheme Damaged status Not for loan Collection Home library Current library Shelving location Date acquired Total Checkouts Full call number Barcode Date last seen Price effective from Koha item type
    Dewey Decimal Classification     Juvenile Fiction Footprints International School Library Network Toul Kork Campus Footprints International School Library Network Toul Kork Campus   05/15/2024   MIL 508.2 PZ7.M61865 2024-0609 05/15/2024 05/15/2024 Books